A velünk élő holokauszt Varga Ágóta Porrajmos című filmjéről /

Elmentve itt :
Bibliográfiai részletek
Szerző: Harmat György
Dokumentumtípus: Cikk
Megjelent: 2001
Sorozat:Iskolakultúra 11 No. 12
Online Access:http://misc.bibl.u-szeged.hu/40082
LEADER 00598nab a2200169 i 4500
001 misc40082
005 20191106140854.0
008 180709s2001 hu o 0|| zxx d
022 |a 1215-5233 
040 |a SZTE Miscellanea Repozitórium  |b hun 
041 |a zxx 
100 1 |a Harmat György 
245 1 2 |a A velünk élő holokauszt   |h [elektronikus dokumentum] :  |b Varga Ágóta Porrajmos című filmjéről /  |c  Harmat György 
260 |c 2001 
300 |a 96-98 
490 0 |a Iskolakultúra  |v 11 No. 12 
856 4 0 |u http://misc.bibl.u-szeged.hu/40082/1/EPA00011_iskolakultura_2001_12_096-098.pdf  |z Dokumentum-elérés